[Event "Collado Villalba 2015"]
[Site "Collado Villalba (ESP)"]
[Date "2015.08.24"]
[Round "3.21"]
[White "Fernandez Sanchez, Lorenzo"]
[Black "Ojosnegros Martin, Angel"]
[Result "1-0"]
[WhiteElo "1817"]
[BlackElo "1484"]
[PlyCount "69"]
[EventDate "2015.08.22"]
[EventType "swiss"]
[EventRounds "9"]
[EventCountry "ESP"]
[Source "lmi"]
[SourceDate "2015.08.22"]

1. e4 e5 2. Bc4 Nf6 3. d3 Nc6 4. Nf3 Bc5 5. O-O d6 6. h3 Be6 7. Bb3 O-O 8. Nc3
Bxb3 9. axb3 h6 10. Be3 Qe7 11. Bxc5 dxc5 12. Re1 Rfd8 13. Qc1 a6 14. Ne2 Nd4
15. Nfxd4 cxd4 16. f4 exf4 17. Nxf4 g5 18. Ne2 Qe5 19. Rf1 Qe6 20. Ra5 b5 21.
Ng3 Ne8 22. Qd1 Ng7 23. Ra1 c5 24. Rf2 c4 25. bxc4 bxc4 26. Qe2 cxd3 27. cxd3
Rdc8 28. Raf1 Rc7 29. Rf6 Qe5 30. Nh5 Rac8 31. Nxg7 Kxg7 32. Qf3 Qe8 33. Qh5
Qh8 34. Rxf7+ Kg8 35. Qg6+ 1-0

[Event "Collado Villalba 2015"]
[Site "Collado Villalba (ESP)"]
[Date "2015.08.24"]
[Round "3.22"]
[White "Laveda Ayllon, Jose David"]
[Black "Porras Fernandez, Alberto"]
[Result "0-1"]
[WhiteElo "1695"]
[BlackElo "1802"]
[PlyCount "80"]
[EventDate "2015.08.22"]
[EventType "swiss"]
[EventRounds "9"]
[EventCountry "ESP"]
[Source "lmi"]
[SourceDate "2015.08.22"]

1. d4 d5 2. c4 e6 3. Nc3 Nf6 4. cxd5 exd5 5. Bg5 Nbd7 6. e3 c6 7. Bd3 Qa5 8.
Qc2 Bb4 9. Nge2 O-O 10. O-O h6 11. Bh4 Qc7 12. Bg3 Bd6 13. b4 Bxg3 14. Nxg3 h5
15. f3 Re8 16. Rfe1 Nf8 17. a4 a6 18. Rac1 Bd7 19. Qb3 Qb6 20. a5 Qd8 21. Na4
g6 22. Nb6 Rb8 23. e4 h4 24. e5 hxg3 25. exf6 gxh2+ 26. Kh1 Qxf6 27. Qc3 Be6
28. Re5 Re7 29. Rce1 Rbe8 30. Qc5 Nh7 31. Qd6 Ng5 32. Kxh2 Qf4+ 33. Kg1 Qg3 34.
Bxg6 Nxf3+ 35. Kf1 Nxe5 36. Bh7+ Kxh7 37. Rxe5 Qf4+ 38. Kg1 Qxd4+ 39. Kh1 Qh4+
40. Kg1 Bg4 0-1

[Event "Collado Villalba 2015"]
[Site "Collado Villalba (ESP)"]
[Date "2015.08.25"]
[Round "4.1"]
[White "Perez Mitjans, Orelvis"]
[Black "Martinez Reyes, Pedro Ramon"]
[Result "1-0"]
[WhiteElo "2434"]
[BlackElo "2349"]
[PlyCount "141"]
[EventDate "2015.08.22"]
[EventType "swiss"]
[EventRounds "9"]
[EventCountry "ESP"]
[Source "lmi"]
[SourceDate "2015.08.22"]

1. e4 c5 2. Nf3 Nc6 3. Bb5 d6 4. O-O Bd7 5. c3 Nf6 6. Re1 a6 7. Bf1 Bg4 8. d4
cxd4 9. cxd4 Bxf3 10. gxf3 e5 11. d5 Ne7 12. Qb3 Ng6 13. Qxb7 Be7 14. Qc6+ Nd7
15. Bh3 Rc8 16. Qxd7+ Qxd7 17. Bxd7+ Kxd7 18. Nc3 Bd8 19. Kf1 Ba5 20. Bd2 Nf4
21. Bxf4 Bxc3 22. bxc3 exf4 23. Rec1 Rc4 24. Rab1 Rhc8 25. Rb3 Ra4 26. Rc2 f5
27. exf5 Ra5 28. c4 Rxd5 29. Rb7+ Kc6 30. Rxg7 Rxf5 31. Rxh7 Rff8 32. Rh5 Rh8
33. Rf5 Rcf8 34. Rxf8 Rxf8 35. Ke2 Rh8 36. Kd3 Rxh2 37. Ke4 Rh4 38. Kf5 Kc5 39.
Kg5 Rh8 40. Kxf4 Rf8+ 41. Ke3 Re8+ 42. Kd2 Rf8 43. Rc3 Rf4 44. Ra3 Kb6 45. Ke3
Rxc4 46. f4 d5 47. f5 Rh4 48. Ke2 Rh6 49. Rf3 Rf6 50. Kd3 Kc5 51. Rf4 d4 52. f3
Kd5 53. Rxd4+ Ke5 54. Ke3 Rc6 55. Ra4 Kxf5 56. Ra5+ Kf6 57. f4 Rd6 58. Kf3 Rb6
59. Kg4 Kg6 60. Rc5 Rd6 61. Rc7 a5 62. Rc5 a4 63. Ra5 Rd4 64. Ra6+ Kf7 65. Kg5
Rb4 66. Ra7+ Kf8 67. f5 Rc4 68. Kg6 Rb4 69. Ra8+ Ke7 70. f6+ Ke6 71. Re8+ 1-0

[Event "Collado Villalba 2015"]
[Site "Collado Villalba (ESP)"]
[Date "2015.08.25"]
[Round "4.2"]
[White "Valles Moreno, Ivan"]
[Black "Semprun Martinez, Fernando"]
[Result "1-0"]
[WhiteElo "2421"]
[BlackElo "2215"]
[PlyCount "77"]
[EventDate "2015.08.22"]
[EventType "swiss"]
[EventRounds "9"]
[EventCountry "ESP"]
[Source "lmi"]
[SourceDate "2015.08.22"]

1. e4 e5 2. Nf3 Nc6 3. Bb5 a6 4. Ba4 Nf6 5. d3 d6 6. c4 Be7 7. h3 O-O 8. Be3
Nd7 9. Nc3 Bf6 10. Ne2 Rb8 11. Bxc6 bxc6 12. Rb1 d5 13. O-O Be7 14. Ng3 d4 15.
Bd2 Bd6 16. Ne1 c5 17. a3 Nb6 18. b4 Bd7 19. bxc5 Bxc5 20. Qh5 f6 21. f4 Be8
22. Qg4 exf4 23. Bxf4 Bd7 24. Qh5 Qe7 25. Nf3 Bd6 26. Bxd6 Qxd6 27. Nf5 Bxf5
28. Qxf5 c5 29. Rb2 Na4 30. Rbf2 Nb2 31. Ne1 Rfe8 32. Qg4 Kh8 33. Rf5 Rb3 34.
Rh5 g5 35. Rh6 Rf8 36. Qf5 Qe7 37. e5 Rb7 38. Rxf6 Rxf6 39. exf6 1-0

[Event "Collado Villalba 2015"]
[Site "Collado Villalba (ESP)"]
[Date "2015.08.25"]
[Round "4.3"]
[White "Elissalt Cardenas, Hector"]
[Black "Esquivias Gomez, Francisco J"]
[Result "1-0"]
[WhiteElo "2350"]
[BlackElo "1999"]
[PlyCount "53"]
[EventDate "2015.08.22"]
[EventType "swiss"]
[EventRounds "9"]
[EventCountry "ESP"]
[Source "lmi"]
[SourceDate "2015.08.22"]

1. d4 g6 2. g3 Bg7 3. Bg2 d5 4. Nf3 Nf6 5. O-O O-O 6. b3 c5 7. e3 Bg4 8. Bb2
cxd4 9. exd4 Nc6 10. Re1 Ne4 11. h3 Bxf3 12. Bxf3 f5 13. c3 e6 14. Na3 Qb6 15.
Nc2 Rad8 16. Kg2 Rf7 17. Rf1 Ne7 18. Qd3 Nc8 19. Na3 Ncd6 20. Rac1 Rc8 21. Rc2
Rfc7 22. c4 Qa6 23. Be2 dxc4 24. bxc4 Nf6 25. c5 Qxd3 26. Bxd3 a6 27. cxd6 1-0

[Event "Collado Villalba 2015"]
[Site "Collado Villalba (ESP)"]
[Date "2015.08.25"]
[Round "4.4"]
[White "Bermejo Arruego, Luis"]
[Black "Rodriguez Melendez, Juan Humbe"]
[Result "1-0"]
[WhiteElo "2167"]
[BlackElo "2130"]
[PlyCount "111"]
[EventDate "2015.08.22"]
[EventType "swiss"]
[EventRounds "9"]
[EventCountry "ESP"]
[Source "lmi"]
[SourceDate "2015.08.22"]

1. d4 Nf6 2. Nf3 g6 3. Nc3 d5 4. Bf4 Bg7 5. e3 O-O 6. Be2 Nbd7 7. Ne5 e6 8. h4
c5 9. h5 Qb6 10. Rb1 Rd8 11. hxg6 hxg6 12. Qd3 Qa5 13. Qd2 a6 14. g4 Nb8 15.
Kf1 Nc6 16. Nxc6 bxc6 17. Be5 Bb7 18. Kg2 Nd7 19. Bxg7 Kxg7 20. f4 Rh8 21. g5
Rag8 22. dxc5 Qxc5 23. b4 Qe7 24. Bf3 e5 25. Ne2 Nb6 26. Qc3 Nc4 27. Kf2 Rxh1
28. Rxh1 Rh8 29. Rxh8 Kxh8 30. Ng3 Kg8 31. Be2 exf4 32. exf4 Qc7 33. Qd4 Qe7
34. c3 Nd6 35. Bd3 Bc8 36. Qc5 Qc7 37. Qd4 Qe7 38. a4 Qc7 39. Qf6 Nf5 40. Bxf5
Qxf4+ 41. Kg2 Bxf5 42. Qxc6 Qxg5 43. Qe8+ Kg7 44. Qe5+ Kh7 45. Kf2 Qd2+ 46. Ne2
Bd3 47. Qh2+ Kg8 48. Qb8+ Kh7 49. Qh2+ Qh6 50. Qxh6+ Kxh6 51. Nd4 Kg5 52. b5
axb5 53. a5 b4 54. cxb4 Kf4 55. b5 Ke4 56. a6 1-0

[Event "Collado Villalba 2015"]
[Site "Collado Villalba (ESP)"]
[Date "2015.08.25"]
[Round "4.5"]
[White "Martin Carmona, Gaston Manuel"]
[Black "Moreno Ruiz, Javier"]
[Result "0-1"]
[WhiteElo "2068"]
[BlackElo "2467"]
[PlyCount "146"]
[EventDate "2015.08.22"]
[EventType "swiss"]
[EventRounds "9"]
[EventCountry "ESP"]
[Source "lmi"]
[SourceDate "2015.08.22"]

1. e4 e5 2. Nf3 Nc6 3. Bc4 Bc5 4. c3 Nf6 5. d3 d6 6. Bb3 a6 7. O-O O-O 8. h3
Ba7 9. Re1 h6 10. Nbd2 Be6 11. Nf1 Qd7 12. N3h2 d5 13. Qf3 Kh7 14. Ng3 Rad8 15.
Bc2 d4 16. c4 b5 17. b3 Bc5 18. a3 Rfe8 19. b4 Bf8 20. c5 a5 21. Bd2 Ra8 22.
Reb1 Ra7 23. Qd1 Rea8 24. Nf3 axb4 25. axb4 Ba2 26. Rb2 Ra3 27. Qc1 Qe8 28. Nf5
Be6 29. Rbb1 Ra2 30. g4 Ng8 31. Kg2 g6 32. Ng3 Bg7 33. Rxa2 Rxa2 34. Ra1 Qa8
35. Rxa2 Qxa2 36. Qb1 Qa3 37. g5 h5 38. h4 Nge7 39. Ne2 Nb8 40. Bc1 Qa2 41.
Qxa2 Bxa2 42. Ba3 Nec6 43. Nc1 Be6 44. Bb1 Na6 45. Ba2 Ncxb4 46. Bxe6 fxe6 47.
Bxb4 Nxb4 48. Nd2 Kg8 49. Ndb3 Kf7 50. Kf1 Ke8 51. Ke2 Bf8 52. Kd2 Kd7 53. Ne2
Bg7 54. Na5 Na6 55. Nb7 Ke8 56. c6 Nb4 57. Na5 Bf8 58. f4 Bg7 59. f5 exf5 60.
exf5 gxf5 61. Ng3 Kf7 62. Nxf5 Bf8 63. Ng3 Nd5 64. Nb7 Nf4 65. Kc2 Bb4 66. Nf5
Ke6 67. Ng7+ Kd5 68. Nd8 e4 69. dxe4+ Kxe4 70. Ne8 d3+ 71. Kd1 Ng2 72. Nf6+ Ke5
73. Nf7+ Kd4 0-1

[Event "Collado Villalba 2015"]
[Site "Collado Villalba (ESP)"]
[Date "2015.08.25"]
[Round "4.6"]
[White "Erice Alonso, Santiago"]
[Black "Aranda Marin, Cristian"]
[Result "0-1"]
[WhiteElo "2013"]
[BlackElo "2368"]
[PlyCount "90"]
[EventDate "2015.08.22"]
[EventType "swiss"]
[EventRounds "9"]
[EventCountry "ESP"]
[Source "lmi"]
[SourceDate "2015.08.22"]

1. e4 d6 2. c4 c5 3. Nc3 Nf6 4. g3 Nc6 5. Bg2 g6 6. Nge2 Bg7 7. O-O Bd7 8. h3
h5 9. d3 Qc8 10. h4 Bh3 11. Nd5 Bxg2 12. Kxg2 Ng4 13. Rb1 e6 14. Ne3 Nce5 15.
f3 Nxe3+ 16. Bxe3 Qc6 17. Qc2 Rc8 18. Bf4 O-O 19. b3 Rfd8 20. Nc3 a6 21. Kh2 b5
22. Rbe1 Qb7 23. Bxe5 dxe5 24. Nd1 Qd7 25. Nf2 Bh6 26. Qe2 Qd4 27. Kg2 Rc7 28.
Rb1 Rcd7 29. Rfe1 Qc3 30. Qb2 b4 31. Re2 a5 32. a4 Rxd3 33. Nxd3 Rxd3 34. Rc2
Qd4 35. Qxd4 exd4 36. f4 e5 37. fxe5 Bg7 38. e6 f6 39. Re2 Kf8 40. e5 f5 41. g4
hxg4 42. h5 f4 43. Rf2 f3+ 44. Kg3 gxh5 45. Kf4 Re3 0-1

[Event "Collado Villalba 2015"]
[Site "Collado Villalba (ESP)"]
[Date "2015.08.25"]
[Round "4.7"]
[White "Collazo Hidalgo-Gato, Niala"]
[Black "Lianes Garcia, Marcos"]
[Result "1/2-1/2"]
[WhiteElo "2261"]
[BlackElo "2059"]
[PlyCount "75"]
[EventDate "2015.08.22"]
[EventType "swiss"]
[EventRounds "9"]
[EventCountry "ESP"]
[Source "lmi"]
[SourceDate "2015.08.22"]

1. e4 g6 2. d4 Bg7 3. Nf3 c5 4. Nc3 Qa5 5. Be3 cxd4 6. Nxd4 Nf6 7. Qd2 Nc6 8.
f3 d6 9. Nb3 Qc7 10. Bh6 O-O 11. Bxg7 Kxg7 12. Nd5 Nxd5 13. exd5 Ne5 14. h4 h5
15. Be2 Bd7 16. O-O-O a5 17. Nd4 a4 18. f4 Ng4 19. f5 a3 20. Bxg4 axb2+ 21. Kb1
Qc4 22. Nb3 Qxg4 23. fxg6 fxg6 24. Kxb2 Qa4 25. Qd4+ Qxd4+ 26. Nxd4 Ra5 27. Nb3
Ra4 28. Rde1 Rf7 29. Re3 Rc4 30. Na5 Rc7 31. Rc3 Rxc3 32. Kxc3 Rf5 33. Rd1 b5
34. Nb3 Rf4 35. Rd4 Rf2 36. Rd2 Rf4 37. Rd4 Rf2 38. Rd2 1/2-1/2

[Event "Collado Villalba 2015"]
[Site "Collado Villalba (ESP)"]
[Date "2015.08.25"]
[Round "4.8"]
[White "Longa Yauca, Javier"]
[Black "Tipter, Napoleon"]
[Result "1-0"]
[WhiteElo "2255"]
[BlackElo "2019"]
[PlyCount "151"]
[EventDate "2015.08.22"]
[EventType "swiss"]
[EventRounds "9"]
[EventCountry "ESP"]
[Source "lmi"]
[SourceDate "2015.08.22"]

1. d4 Nf6 2. c4 g6 3. Nc3 Bg7 4. Nf3 d6 5. e4 O-O 6. h3 c5 7. d5 Na6 8. Bf4 Nc7
9. Be2 a6 10. a4 Rb8 11. Qc2 Bd7 12. a5 b6 13. axb6 Rxb6 14. O-O Qb8 15. Ra2 e5
16. dxe6 Nxe6 17. Bh2 Nh5 18. Nd5 Re8 19. g4 Nf6 20. Nxb6 Qxb6 21. b4 Bc6 22.
bxc5 Nxc5 23. e5 Nfe4 24. Rb1 Qd8 25. Rd1 Qc8 26. Ra3 dxe5 27. Ne1 Ng5 28. Bf1
Nge6 29. Qc1 Nd4 30. Qe3 Qb7 31. Ra5 Qb6 32. Ra3 f5 33. gxf5 Nxf5 34. Qd2 Ne4
35. Qa2 Nc5 36. Bg2 Bxg2 37. Nxg2 Nd4 38. Re3 Rf8 39. Ne1 Rf5 40. Qb1 Rg5+ 41.
Bg3 Qa7 42. Nf3 Nxf3+ 43. Rxf3 Ne6 44. Qe4 h5 45. Qd5 Qe7 46. Kh2 Kh7 47. Bh4
e4 48. Qxe4 Qc7+ 49. Bg3 Be5 50. Rd5 Rxg3 51. Rxg3 Bxg3+ 52. fxg3 Qf7 53. Qe3
Ng7 54. Qd2 Qc7 55. Qd4 Qe7 56. Qe5 Qf7 57. Qd4 Qf3 58. Re5 Nf5 59. Qd7+ Kh6
60. Qd2+ Kg7 61. Qf4 Qd3 62. g4 Qc2+ 63. Kg1 Qb1+ 64. Kf2 Qb2+ 65. Kf1 Qb1+ 66.
Re1 Qd3+ 67. Kg1 Qc3 68. Qe5+ Qxe5 69. Rxe5 hxg4 70. hxg4 Nd4 71. Re4 Nf3+ 72.
Kf2 Nd2 73. Rd4 Nb3 74. Rd3 Nc5 75. Rd5 Nb3 76. c5 1-0

[Event "Collado Villalba 2015"]
[Site "Collado Villalba (ESP)"]
[Date "2015.08.25"]
[Round "4.9"]
[White "Eizaguerri Floris, Maria"]
[Black "Sanz Castillo, Santiago"]
[Result "0-1"]
[WhiteElo "1822"]
[BlackElo "2197"]
[PlyCount "94"]
[EventDate "2015.08.22"]
[EventType "swiss"]
[EventRounds "9"]
[EventCountry "ESP"]
[Source "lmi"]
[SourceDate "2015.08.22"]

1. e4 e6 2. d4 d5 3. e5 c5 4. Nf3 cxd4 5. Bd3 Nc6 6. O-O Qc7 7. Re1 g6 8. c3
Bg7 9. cxd4 a6 10. Bf4 h6 11. h3 Nge7 12. Qd2 g5 13. Bg3 b5 14. Nc3 Bd7 15.
Rac1 Qb6 16. Bb1 Rc8 17. Ne2 Nf5 18. Bxf5 exf5 19. Rc5 Be6 20. Rec1 Bf8 21.
R5c3 Kd7 22. Qd3 Bb4 23. R3c2 Be7 24. a3 b4 25. Nd2 f4 26. Bh2 Na5 27. Rxc8
Rxc8 28. Rxc8 Kxc8 29. Qc2+ Kb7 30. a4 Qc6 31. Qxc6+ Kxc6 32. b3 Bf5 33. f3 f6
34. Kf1 Bc2 35. Nc1 Kd7 36. exf6 Bxf6 37. Bg1 Nc6 38. Ne2 Bd3 39. Ke1 Bxe2 40.
Kxe2 Bxd4 41. Bh2 Be3 42. Nf1 d4 43. Nxe3 dxe3 44. Kd3 Ke6 45. g3 Ke5 46. gxf4+
gxf4 47. Bg1 Nd4 0-1

[Event "Collado Villalba 2015"]
[Site "Collado Villalba (ESP)"]
[Date "2015.08.25"]
[Round "4.10"]
[White "Picazo Gonzalez, Ana"]
[Black "Pastor Alonso De Prado, Albert"]
[Result "0-1"]
[WhiteElo "1851"]
[BlackElo "2167"]
[PlyCount "128"]
[EventDate "2015.08.22"]
[EventType "swiss"]
[EventRounds "9"]
[EventCountry "ESP"]
[Source "lmi"]
[SourceDate "2015.08.22"]

1. d4 e6 2. Nf3 d5 3. e3 Nf6 4. Bd3 b6 5. b3 Ba6 6. c4 Bb4+ 7. Nbd2 c5 8. Bb2
O-O 9. a3 dxc4 10. bxc4 Ba5 11. O-O Nc6 12. Qc2 cxd4 13. exd4 Bxd2 14. Qxd2 Na5
15. Qe2 Rc8 16. Ne5 Bb7 17. Rfd1 Nc6 18. Rac1 Qe7 19. Ng4 Nxg4 20. Qxg4 f5 21.
Qe2 Qf7 22. c5 Ne7 23. Re1 Bd5 24. Ba6 Rb8 25. Bc3 Ng6 26. f3 Rfe8 27. Bb5 Rec8
28. Bb4 Qf6 29. Bc3 Nf4 30. Qf1 g5 31. Bc4 Ng6 32. Bxd5 exd5 33. Qf2 Nf4 34.
Qd2 Re8 35. g3 Ng6 36. Re3 f4 37. Rxe8+ Rxe8 38. Re1 Rxe1+ 39. Qxe1 fxg3 40.
Qe8+ Kg7 41. Qd7+ Kh6 42. Qh3+ Nh4 43. hxg3 Qxf3 44. Qe6+ Ng6 45. Qh3+ Kg7 46.
Qd7+ Kf8 47. Qd8+ Kf7 48. Qd7+ Ne7 49. Qh3 Qxc3 50. Qxh7+ Ke6 51. Qh6+ Kd7 52.
Qd6+ Ke8 53. Qb8+ Kf7 54. Qe5 bxc5 55. Qxg5 Qxd4+ 56. Kg2 Qe4+ 57. Kh2 c4 58.
Qh5+ Qg6 59. Qf3+ Qf5 60. Qe3 Qh7+ 61. Kg1 Qe4 62. Qf2+ Kg6 63. Qxa7 Kg5 64.
Qf2 Nf5 0-1

[Event "Collado Villalba 2015"]
[Site "Collado Villalba (ESP)"]
[Date "2015.08.25"]
[Round "4.11"]
[White "Aziz Ortego, Omar Luis"]
[Black "Martin Martin, Luis Vicente"]
[Result "0-1"]
[WhiteElo "2123"]
[BlackElo "1933"]
[PlyCount "202"]
[EventDate "2015.08.22"]
[EventType "swiss"]
[EventRounds "9"]
[EventCountry "ESP"]
[Source "lmi"]
[SourceDate "2015.08.22"]

1. c4 e5 2. Nc3 Nf6 3. g3 d5 4. cxd5 Nxd5 5. Bg2 Nb6 6. Nf3 Nc6 7. d3 Be7 8.
Be3 O-O 9. Nd2 Nd4 10. O-O f5 11. f4 Bf6 12. Rc1 c6 13. Bf2 exf4 14. gxf4 Ne6
15. Kh1 Qd6 16. Bg3 Rd8 17. a4 Qb4 18. Rb1 Bxc3 19. bxc3 Qxc3 20. Nf3 Qa5 21.
Ra1 Nd5 22. Qb3 Ne3 23. Rg1 Qd5 24. Qb2 Nxg2 25. Rxg2 Nd4 26. Bf2 c5 27. Rc1 b6
28. Bxd4 cxd4 29. Rc7 Rd7 30. e4 fxe4 31. dxe4 Qxe4 32. Qc1 Rxc7 33. Qxc7 g6
34. Ng5 Qb7 35. Qd8+ Kg7 36. Qxd4+ Kg8 37. Ne4 Bh3 38. Re2 Bf5 39. Qc4+ Kg7 40.
Qd4+ Kg8 41. Qc4+ Kg7 42. Qd4+ Kg8 43. Kg1 Bxe4 44. Rxe4 Rf8 45. Qe3 Qf7 46.
Kg2 Qf5 47. Kg3 Rf7 48. Re5 Qf6 49. Qe4 Kg7 50. h4 Qd6 51. h5 Qd1 52. hxg6 Qg1+
53. Kh3 Qf1+ 54. Kg4 Qg1+ 55. Kh4 Qh2+ 56. Kg4 Qg1+ 57. Kf3 Qh1+ 58. Ke3 Qxe4+
59. Kxe4 Kxg6 60. Re6+ Rf6 61. Re7 a5 62. Re5 Rc6 63. Rg5+ Kf6 64. Rb5 Rc4+ 65.
Kf3 Rb4 66. Rh5 Rxa4 67. Rxh7 Rb4 68. Kg4 a4 69. Ra7 Kg6 70. Ra6 Kf6 71. Ra7
Kg6 72. Ra6 Kf6 73. Ra7 Kg6 74. Ra8 Kf6 75. Rf8+ Kg6 76. Rc8 Rb5 77. Rc6+ Kf7
78. Rc7+ Kf6 79. Rc6+ Ke7 80. f5 a3 81. Rc1 a2 82. Ra1 Ra5 83. Kg5 Kf7 84. Kf4
Kf6 85. Ke4 Ra8 86. Kd5 Kxf5 87. Rf1+ Kg4 88. Ra1 Kf3 89. Kd4 Ke2 90. Kc3 Ra5
91. Kb3 Kd2 92. Kb2 Rb5+ 93. Ka3 Kc2 94. Ka4 Ra5+ 95. Kb4 Kb2 96. Rh1 Rc5 97.
Rh3 a1=Q 98. Rb3+ Kc1 99. Ra3 Qd4+ 100. Kb3 Qb2+ 101. Ka4 Ra5# 0-1

[Event "Collado Villalba 2015"]
[Site "Collado Villalba (ESP)"]
[Date "2015.08.25"]
[Round "4.12"]
[White "Perez De Villar Munoz, Eusebio"]
[Black "Hernando Pertierra, Jose C"]
[Result "1/2-1/2"]
[WhiteElo "1970"]
[BlackElo "2385"]
[PlyCount "115"]
[EventDate "2015.08.22"]
[EventType "swiss"]
[EventRounds "9"]
[EventCountry "ESP"]
[Source "lmi"]
[SourceDate "2015.08.22"]

1. e4 g6 2. d4 c6 3. Bd3 d5 4. e5 c5 5. c3 Nc6 6. Ne2 Nh6 7. O-O Bg4 8. h3 Bxe2
9. Bxe2 cxd4 10. cxd4 Nf5 11. Bb5 Qb6 12. Nc3 Rd8 13. g4 Ng7 14. Be3 h5 15. Qd2
a6 16. Be2 e6 17. a3 Be7 18. b4 hxg4 19. hxg4 f5 20. exf6 Bxf6 21. Na4 Qc7 22.
Bf4 Qe7 23. Be3 Bxd4 24. Bg5 Qd6 25. Bf4 Be5 26. Bxe5 Qxe5 27. f4 Qe4 28. Bf3
Qd4+ 29. Qxd4 Nxd4 30. Kg2 Rc8 31. Bd1 Nc2 32. Bxc2 Rxc2+ 33. Rf2 Rc4 34. Re1
O-O 35. Kg3 g5 36. fxg5 Rxf2 37. Kxf2 Rxg4 38. Nc5 Kf7 39. Nxb7 Rxg5 40. Nc5 e5
41. Nxa6 Rf5+ 42. Ke2 Ne6 43. Rd1 Rh5 44. b5 Rh2+ 45. Kd3 Ra2 46. Kc3 Nd4 47.
Rxd4 exd4+ 48. Kxd4 Rxa3 49. Kc5 Rb3 50. Nb4 d4 51. b6 d3 52. Nxd3 Rxd3 53. b7
Rb3 54. Kc6 Ke7 55. Kc7 Rc3+ 56. Kb6 Kd7 57. b8=Q Rb3+ 58. Ka7 1/2-1/2

[Event "Collado Villalba 2015"]
[Site "Collado Villalba (ESP)"]
[Date "2015.08.25"]
[Round "4.13"]
[White "Garcia Paolicchi, Raul"]
[Black "Torres Grajales, Ramon"]
[Result "1/2-1/2"]
[WhiteElo "2148"]
[BlackElo "1943"]
[PlyCount "89"]
[EventDate "2015.08.22"]
[EventType "swiss"]
[EventRounds "9"]
[EventCountry "ESP"]
[Source "lmi"]
[SourceDate "2015.08.22"]

1. d4 Nf6 2. c4 g6 3. Nc3 Bg7 4. e4 d6 5. h3 O-O 6. Bg5 c5 7. d5 a6 8. a4 Nbd7
9. Nf3 Re8 10. Bd3 Qb6 11. Qd2 h6 12. a5 Qb4 13. Be3 b5 14. cxb5 axb5 15. Nxb5
Ba6 16. Qxb4 cxb4 17. Nfd4 Nc5 18. Bb1 Rec8 19. Nc6 Rxc6 20. dxc6 Bxb5 21. Bxc5
dxc5 22. Kd2 Bxc6 23. f3 Bb5 24. Kc1 Ne8 25. Rd1 Bd4 26. Bd3 Bxd3 27. Rxd3 Nc7
28. Kc2 g5 29. Kb3 Na6 30. Rd2 e5 31. Kc4 Rb8 32. Ra4 Kf8 33. b3 Ke7 34. g3 Kd6
35. Raa2 Kc6 36. h4 Nc7 37. hxg5 hxg5 38. a6 Ra8 39. Rh2 Ne6 40. Rh7 Ra7 41.
Rh8 Bc3 42. Rc8+ Kd7 43. Rh8 Kc7 44. Rg8 Kb6 45. Rb8+ 1/2-1/2

[Event "Collado Villalba 2015"]
[Site "Collado Villalba (ESP)"]
[Date "2015.08.25"]
[Round "4.14"]
[White "Gutierrez Mordini, Pablo"]
[Black "Cortes Jurado, Rafael"]
[Result "1/2-1/2"]
[WhiteElo "1902"]
[BlackElo "2073"]
[PlyCount "79"]
[EventDate "2015.08.22"]
[EventType "swiss"]
[EventRounds "9"]
[EventCountry "ESP"]
[Source "lmi"]
[SourceDate "2015.08.22"]

1. d4 Nf6 2. Nf3 g6 3. c4 Bg7 4. Nc3 d5 5. cxd5 Nxd5 6. e4 Nxc3 7. bxc3 c5 8.
Be2 O-O 9. O-O cxd4 10. cxd4 Nc6 11. Bb2 Bg4 12. e5 Qd7 13. Qa4 Nxe5 14. Bb5
Nc6 15. Ne5 Bxe5 16. dxe5 a6 17. Bxc6 bxc6 18. Rfc1 Rfb8 19. Bd4 Rb5 20. h3 Be6
21. Rd1 Bd5 22. Qa3 a5 23. Bc5 Qf5 24. Qe3 Rb7 25. Re1 a4 26. Bd4 Ra5 27. Rac1
Rab5 28. f4 h5 29. Kh2 Rb4 30. Rcd1 Qc2 31. Rd2 Qc4 32. f5 c5 33. Bxc5 Rb2 34.
Ree2 Rxd2 35. Rxd2 Qe4 36. Qxe4 Bxe4 37. f6 exf6 38. exf6 Rc7 39. Be3 Rc2 40.
Rxc2 1/2-1/2

[Event "Collado Villalba 2015"]
[Site "Collado Villalba (ESP)"]
[Date "2015.08.25"]
[Round "4.15"]
[White "Lopez Heras, Arturo"]
[Black "Garcia Saez, Juan Carlos"]
[Result "1-0"]
[WhiteElo "1861"]
[BlackElo "2010"]
[PlyCount "33"]
[EventDate "2015.08.22"]
[EventType "swiss"]
[EventRounds "9"]
[EventCountry "ESP"]
[Source "lmi"]
[SourceDate "2015.08.22"]

1. d4 c6 2. c4 d6 3. Nc3 g6 4. Nf3 Bg7 5. e4 Bg4 6. Be2 Qb6 7. Be3 Bxf3 8. Bxf3
Qxb2 9. Rc1 Qb6 10. O-O Nd7 11. e5 dxe5 12. d5 Qc7 13. dxc6 bxc6 14. Nb5 Qa5
15. Bxc6 Rd8 16. Qd5 Ngf6 17. Nd6+ 1-0

[Event "Collado Villalba 2015"]
[Site "Collado Villalba (ESP)"]
[Date "2015.08.25"]
[Round "4.16"]
[White "Montiel Miguelez, Manuel"]
[Black "De La Orden Alcocer, Alejandro"]
[Result "0-1"]
[WhiteElo "1854"]
[BlackElo "2006"]
[PlyCount "82"]
[EventDate "2015.08.22"]
[EventType "swiss"]
[EventRounds "9"]
[EventCountry "ESP"]
[Source "lmi"]
[SourceDate "2015.08.22"]

1. e4 g6 2. d4 Bg7 3. Be3 c6 4. Nc3 d5 5. e5 Bf5 6. Qd2 h5 7. Nf3 Qa5 8. Nh4
Nh6 9. Nxf5 Nxf5 10. Bd3 Nxe3 11. fxe3 e6 12. O-O O-O 13. Qf2 c5 14. Qg3 Nc6
15. Ne2 c4 16. Bxg6 fxg6 17. Qxg6 Qd2 18. Qxe6+ Kh8 19. Ng3 Qxe3+ 20. Kh1 Qxd4
21. Nxh5 Qxe5 22. Nxg7 Qxg7 23. Qxd5 Ne5 24. Rfe1 Rf5 25. Re3 Qf7 26. Rh3+ Kg7
27. Rg3+ Ng6 28. Qd4+ Kg8 29. h3 Kh7 30. Re1 b6 31. Re4 Rg8 32. Qd6 Rg7 33. Re6
Rf1+ 34. Kh2 Qf5 35. h4 Qh5 36. Qd4 Qd1 37. Rg4 Qxd4 38. Rxd4 Nf4 39. Rxf4 Rxf4
40. Kh3 Rf2 41. c3 Rfxg2 0-1

[Event "Collado Villalba 2015"]
[Site "Collado Villalba (ESP)"]
[Date "2015.08.25"]
[Round "4.17"]
[White "Aguilera Lopez, Alejandro"]
[Black "Jordana Vargas, Julio"]
[Result "0-1"]
[WhiteElo "1999"]
[BlackElo "1998"]
[PlyCount "138"]
[EventDate "2015.08.22"]
[EventType "swiss"]
[EventRounds "9"]
[EventCountry "ESP"]
[Source "lmi"]
[SourceDate "2015.08.22"]

1. d4 Nf6 2. Nf3 d5 3. e3 Bf5 4. c4 e6 5. Nc3 Nc6 6. a3 Be7 7. Be2 O-O 8. O-O
a6 9. b4 Nb8 10. Bb2 c6 11. c5 Nbd7 12. a4 Qb8 13. Nh4 Ne4 14. Nxf5 exf5 15.
Qc2 g6 16. f3 Nxc3 17. Bxc3 Bg5 18. f4 Bh6 19. b5 axb5 20. axb5 Rxa1 21. Rxa1
Re8 22. Bd2 Bxf4 23. exf4 Rxe2 24. Qd3 Qe8 25. bxc6 bxc6 26. Ra7 Nf6 27. Rc7
Qe6 28. h3 h5 29. Kf1 Re4 30. Ra7 h4 31. Ra8+ Kg7 32. Kg1 Nh5 33. Qb1 Ng3 34.
Kh2 Re2 35. Ba5 Qe4 36. Qxe4 Rxe4 37. Ra6 Re6 38. Ra7 Re8 39. Rc7 Re6 40. Ra7
g5 41. fxg5 f4 42. Rb7 Kg6 43. Rb2 Kxg5 44. Ra2 f6 45. Rb2 Re2 46. Rb3 Rf2 47.
Rf3 Rxf3 48. gxf3 Ne2 49. Kg2 Nxd4 50. Kf2 Kf5 51. Bc7 Ne6 52. Bd6 Ng5 53. Kg2
d4 54. Bc7 d3 55. Ba5 Ke6 56. Bd2 Kf5 57. Bc3 Nf7 58. Kf2 Ne5 59. Bb4 Ke6 60.
Bd2 Kd5 61. Bxf4 Kxc5 62. Be3+ Kd5 63. Bc1 c5 64. Bb2 c4 65. Ke3 f5 66. Bc3 Ng6
67. f4 Kc5 68. Bd2 Ne7 69. Be1 Nd5+ 0-1

[Event "Collado Villalba 2015"]
[Site "Collado Villalba (ESP)"]
[Date "2015.08.25"]
[Round "4.18"]
[White "Movilla Calleja, David"]
[Black "Palenciano Escolar, Adrian"]
[Result "0-1"]
[WhiteElo "1890"]
[BlackElo "2120"]
[PlyCount "86"]
[EventDate "2015.08.22"]
[EventType "swiss"]
[EventRounds "9"]
[EventCountry "ESP"]
[Source "lmi"]
[SourceDate "2015.08.22"]

1. d4 Nf6 2. Nf3 g6 3. Bf4 Bg7 4. e3 d6 5. Bd3 Nbd7 6. O-O Nh5 7. Bg3 Nxg3 8.
hxg3 e5 9. c3 Qe7 10. Nbd2 O-O 11. Qc2 c6 12. Rae1 f5 13. Nh2 Nf6 14. dxe5 dxe5
15. e4 f4 16. gxf4 exf4 17. Ndf3 Nh5 18. e5 Ng3 19. fxg3 fxg3 20. e6 gxh2+ 21.
Kxh2 Bxe6 22. Kh1 Qd6 23. b3 Bf5 24. Nd4 Bxd4 25. cxd4 Qxd4 26. Qc4+ Qd5 27.
Qxd5+ cxd5 28. Bxf5 Rxf5 29. Rxf5 gxf5 30. Re5 Rd8 31. Rxf5 d4 32. Rf2 Kg7 33.
Kg1 Rd7 34. Kf1 Rf7 35. Ke2 Rxf2+ 36. Kxf2 Kf6 37. Kf3 Ke5 38. a3 b6 39. g3 a6
40. a4 a5 41. g4 h6 42. Ke2 Ke4 43. Kd2 d3 0-1